000 00415nam a2200145Ia 4500
008 240729s9999 xx 000 0 und d
022 _a2320-3838
245 0 _aSaudi Journal of Kidney Diseases and Transplantation
260 _aIndia
260 _bWolters Kluwer Medknow Publications
650 _aMedicine
856 _uhttps://doaj.org/toc/0c1e57991172491ea1f5201a44f42e8c
942 _2ddc
942 _cDOAJEJ
999 _c70292
_d70292
945 _a1
_bMadushi Gamage
_c1
_dMadushi Gamage